Normal view
MARC view
Entry Personal Name
001 - CONTROL NUMBER
- control field: 13992
003 - CONTROL NUMBER IDENTIFIER
- control field: ARRUPE
005 - DATE AND TIME OF LATEST TRANSACTION
- control field: 20150114181007.0
008 - FIXED-LENGTH DATA ELEMENTS
- fixed length control field: 150114|| aca||aabn | a|a d
040 ## - CATALOGING SOURCE
- Original cataloging agency: ARRUPE
- Transcribing agency: ARRUPE
100 ## - HEADING--PERSONAL NAME
- Personal name: Hetherwick, Alexander,
- Dates associated with a name: 1860-1939.
670 ## - SOURCE DATA FOUND
- Source citation: Work cat.: (ARRUPE)0: Hetherwick, Alexander, 1860-1939., The building of the Blantyre Church, Nyasaland, 1888-1891 :, 1962.